000 00221nam a2200097Ia 4500
008 240331s9999 xx 000 0 und d
082 _bARU
100 _aArunasalam, K
245 0 _aIlankayin Malaiyakath Thamilar
942 _cL
999 _c1983
_d1983